|
|
|
|
| LEADER |
01101nam a2200253 i 4500 |
| 001 |
acta67630 |
| 005 |
20250515140333.0 |
| 008 |
200129s2019 hu o 000 hun d |
| 020 |
|
|
|a 978-963-306-658-4
|
| 022 |
|
|
|a 2064-4825
|
| 040 |
|
|
|a SZTE Egyetemi Kiadványok Repozitórium
|b hun
|
| 041 |
|
|
|a hun
|
| 100 |
1 |
|
|a Frauhammer Krisztina
|
| 245 |
1 |
0 |
|a Imák és olvasatok
|h [elektronikus dokumentum] :
|b imakönyvek a 19-20. századi Magyarországon /
|c Frauhammer Krisztina
|
| 260 |
|
|
|a Néprajzi és Kulturális Antropológiai Tanszék ; Magyar Tudományos Akadémia-Szegedi Tudományegyetem Vallási Kultúrakutató Csoport
|b Szeged
|c 2019
|
| 300 |
|
|
|a 249 p.
|c 24 cm
|
| 490 |
0 |
|
|a A vallási kultúrakutatás könyvei
|
| 650 |
|
4 |
|a Társadalomtudományok
|
| 650 |
|
4 |
|a Szociológia
|
| 650 |
|
4 |
|a Bölcsészettudományok
|
| 650 |
|
4 |
|a Filozófia, etika és vallástudományok
|
| 695 |
|
|
|a Imakönyv, Vallástörténet - Magyarország - 19-20. sz., Folklór - magyar
|
| 700 |
0 |
1 |
|a Kerekes Ibolya
|
| 856 |
4 |
0 |
|u http://acta.bibl.u-szeged.hu/67630/1/vallasi_kulturakutatas_konyvei_042.pdf
|z Dokumentum-elérés
|